Statistics for Countries With Currencies Pegged to the U.S. Dollar

Click here to take the quiz!

General Stats

  • This quiz has been taken 20 times
  • The average score is 12 of 21

Answer Stats

Country% Correct
Belize
89%
Antigua and Barbuda
83%
Bahamas
83%
Barbados
83%
Dominica
83%
St. Kitts and Nevis
83%
St. Lucia
83%
St. Vincent and the Grenadines
78%
Grenada
72%
Trinidad and Tobago
61%
Bahrain
56%
Jordan
56%
Saudi Arabia
56%
United Arab Emirates
56%
Cuba
50%
Oman
50%
Qatar
50%
Lebanon
33%
Djibouti
17%
Eritrea
11%
Seychelles
6%

Score Distribution

Percentile by Number Answered

Percent of People with Each Score

Your Score History

You have not taken this quiz